01037 2200373 4500001002100000005001500021035002000036007000300056008004100059040001700100100002200117245008300139250000900222300003100231020002200262041000800284082001100292084001800303090002200321260003700343500002800380650001300408700002100421850001000442990002500452990002500477990002500502990002500527990002100552990002100573990002400594990002100618990002400639INLIS00000000000271320260601074657 a0010-0620000086ta260601 g 0 ind  aSBPUPADbind0 aKhasanah El Zahra1 abelajar Menjahit pemula 2 :bSeri Dress /cKhasanah El Zahra; Editor: Rinawati aEd.1 a140 hlm. :bilus. ;c27 cm a978-602-1656-35-80 aind a746.92 a746.92 KHA b a746.92 KHA T15-4 aSurabaya :bTiara Aksara,,c2014 aProfil Penulis, hlm 139 4akesenian0 aEditor: Rinawati aPUPAD a34.457a/DAK/DPK/2019 a34.458a/DAK/DPK/2019 a34.459a/DAK/DPK/2019 a34.460a/DAK/DPK/2019 a23.180/B/KAPD/16 a23.181/B/KAPD/16 a34.458/DAK/DPK/2019 a23.179/B/KAPD/16 a34.460/DAK/DPK/2019